00417nam a2200157Ia 4500008004100000020001400041040001900055041001200074082002100086100001600107245004200123260003300165300002900198650001800227850001400245131103s9999 xx 000 0 und d a721475302 aLoreto College aEnglish aREFbLCBED/10298 aImpey, Rose 4aThe pied piper of hamelincRose Impey aLondonbLadybird booksc1976 a57p.b ill.,pic.c 26cm. aEnglish drama aLCBED/REF